000 00632nam a22002417a 4500
003 UA-OsUOA
001 105723
007 ta
008 20140328b un ||||| |||| 00| 0 ukr d
090 _a323.1(477)
_bП50
942 _cBK
040 _aUA-OsUOA
_bukr
_cUA-OsUOA
_dUA-OsUOA
245 _aПолітологічні та соціологічні студії
300 _a504 с.
955 _a2
041 _aukr
080 _a323.1(477)
020 _a978-966-399-239-6
591 _aХудолій А. О.
260 _aЧернівці
_bБукрек
_c2009
650 7 _a32 Політика
_2UDC
999 _c391917
_d391917